[Event "WYCC U18 Girls 2019"]
[Site "Mumbai"]
[Date "2019.10.11"]
[Round "10.7"]
[White "Nomindalai Tumurbaatar"]
[Black "Sliwicka, Alicja"]
[Result "1-0"]
[WhiteElo "2061"]
[BlackElo "2307"]
[Annotator "NA"]
[PlyCount "123"]
[EventDate "2019.10.02"]
[EventType "swiss"]
[EventCountry "IND"]
[SourceTitle "playchess.com"]
[Source "ChessBase"]
[SourceQuality "1"]
[TimeControl "40/5400+30:1800+30"]

1. d4 {[%emt 0:00:00]} g6 {[%emt 0:00:00]} 2. Bf4 {[%emt 0:00:11]} Bg7 {[%emt 0:00:00]} 3. e3 {[%emt 0:03:12]} d6 {[%emt 0:00:00]} 4. Be2 {[%emt 0:02:42]} Nd7 {[%emt 0:00:23]} 5. Nf3 {[%emt 0:06:22]} e5 {[%emt 0:00:20]} 6. Bg3 {[%emt 0:02:08]} Nh6 {[%emt 0:00:22]} 7. Bh4 {[%emt 0:06:15]} f6 {[%emt 0:00:42]} 8. dxe5 {[%emt 0:00:22]} dxe5 {[%emt 0:00:50]} 9. Nc3 {[%emt 0:06:15]} O-O {[%emt 0:13:00]} 10. e4 {[%emt 0:05:48]} Nf7 {[%emt 0:12:43]} 11. Bc4 {[%emt 0:02:08]} Qe7 {[%emt 0:08:37]} 12. Nd5 {[%emt 0:05:10]} Qd6 {[%emt 0:05:14]} 13. Qe2 {[%emt 0:10:09]} c6 {[%emt 0:01:24]} 14. Nc3 {[%emt 0:08:29]} Nc5 {[%emt 0:01:46]} 15. Rd1 {[%emt 0:01:26]} Qc7 {[%emt 0:03:18]} 16. Bg3 {[%emt 0:05:06]} b5 {[%emt 0:04:10]} 17. Bxf7+ {[%emt 0:08:39]} Qxf7 {[%emt 0:02:36]} 18. Qe3 {[%emt 0:03:52]} Qe7 {[%emt 0:06:20]} 19. O-O {[%emt 0:03:52]} Be6 {[%emt 0:04:03]} 20. Nd2 {[%emt 0:02:47]} Rad8 {[%emt 0:07:54]} 21. f3 {[%emt 0:04:46]} Rfe8 {[%emt 0:06:24]} 22. Bf2 {[%emt 0:00:50]} Bf8 {[%emt 0:00:11]} 23. Nb3 {[%emt 0:00:16]} Bxb3 {[%emt 0:07:36]} 24. axb3 {[%emt 0:00:13]} a5 {[%emt 0:01:00]} 25. Rxd8 {[%emt 0:06:35]} Rxd8 {[%emt 0:00:23]} 26. Ra1 {[%emt 0:00:27]} Qc7 {[%emt 0:01:04]} 27. Kf1 {[%emt 0:00:26]} Kg7 {[%emt 0:01:16]} 28. Qe2 {[%emt 0:00:35]} Ne6 {[%emt 0:01:02]} 29. Rd1 {[%emt 0:02:10]} Nd4 {[%emt 0:01:09]} 30. Qd2 {[%emt 0:00:15]} Be7 {[%emt 0:01:18]} 31. Qc1 {[%emt 0:00:10]} b4 {[%emt 0:01:47]} 32. Ne2 {[%emt 0:00:15]} c5 {[%emt 0:00:54]} 33. Bxd4 {[%emt 0:00:54]} cxd4 {[%emt 0:00:37]} 34. Rd3 {[%emt 0:03:15]} Qb6 {[%emt 0:01:01]} 35. Ng3 {[%emt 0:00:36]} Rc8 {[%emt 0:00:45]} 36. Qd1 {[%emt 0:00:46]} Qc5 {[%emt 0:01:21]} 37. Rd2 {[%emt 0:00:06]} Bd8 {[%emt 0:00:46]} 38. Qe2 {[%emt 0:00:16]} Bb6 {[%emt 0:01:27]} 39. Qd3 {[%emt 0:00:05]} Ra8 {[%emt 0:01:04]} 40. Rd1 {[%emt 0:01:37]} Rc8 {[%emt 0:03:03]} 41. Rd2 {[%emt 0:02:08]} h5 {[%emt 0:02:13]} 42. Ke2 {[%emt 0:09:51]} Rc6 {[%emt 0:00:43]} 43. Nh1 {[%emt 0:01:04]} Bd8 {[%emt 0:03:36]} 44. Nf2 {[%emt 0:00:46]} Be7 {[%emt 0:00:45]} 45. Kd1 {[%emt 0:03:10]} Kh7 {[%emt 0:01:20]} 46. g4 {[%emt 0:02:05]} Bf8 {[%emt 0:03:38]} 47. gxh5 {[%emt 0:01:40]} gxh5 {[%emt 0:00:08]} 48. f4 {[%emt 0:07:46]} Bh6 {[%emt 0:05:14]} 49. Qh3 {[%emt 0:00:11]} Qe7 {[%emt 0:09:13]} 50. Qf5+ {[%emt 0:00:26]} Kg7 {[%emt 0:01:16]} 51. Nd3 {[%emt 0:01:53]} exf4 {[%emt 0:04:38]} 52. Rg2+ {[%emt 0:02:30]} Kh8 {[%emt 0:00:05]} 53. Nxf4 {[%emt 0:01:00]} Qc5 {[%emt 0:01:45]} 54. Ng6+ {[%emt 0:01:32]} Kg8 {[%emt 0:00:23]} 55. Ne7+ {[%emt 0:00:12]} Kf8 {[%emt 0:00:07]} 56. Nxc6 {[%emt 0:00:31]} Qxc6 {[%emt 0:00:05]} 57. Qg6 {[%emt 0:00:53]} Bf4 {[%emt 0:01:04]} 58. Qg8+ {[%emt 0:00:53]} Ke7 {[%emt 0:00:07]} 59. Rg7+ {[%emt 0:00:04]} Kd6 {[%emt 0:00:05]} 60. Qf8+ {[%emt 0:00:13]} Ke5 {[%emt 0:00:28]} 61. Re7+ {[%emt 0:00:44]} Kd6 {[%emt 0:00:07]} 62. Qxf6+ {[%emt 0:00:04] Kd5} 1-0

[Event "WYCC U18 Girls 2019"]
[Site "Mumbai"]
[Date "2019.10.11"]
[Round "10.8"]
[White "Shpanko, Nadiia"]
[Black "Muetsch, Annmarie"]
[Result "1/2-1/2"]
[WhiteElo "2213"]
[BlackElo "2266"]
[Annotator "NA"]
[PlyCount "203"]
[EventDate "2019.10.02"]
[EventType "swiss"]
[EventCountry "IND"]
[SourceTitle "playchess.com"]
[Source "ChessBase"]
[SourceQuality "1"]
[TimeControl "40/5400+30:1800+30"]

1. d4 {[%emt 0:00:00]} Nf6 {[%emt 0:00:00]} 2. c4 {[%emt 0:00:00]} g6 {[%emt 0:00:00]} 3. Nc3 {[%emt 0:00:00]} Bg7 {[%emt 0:00:00]} 4. e4 {[%emt 0:00:00]} d6 {[%emt 0:00:00]} 5. Be2 {[%emt 0:00:02]} O-O {[%emt 0:00:05]} 6. Be3 {[%emt 0:00:04]} e5 {[%emt 0:00:07]} 7. d5 {[%emt 0:00:21]} Na6 {[%emt 0:00:10]} 8. g4 {[%emt 0:00:15]} Nc5 {[%emt 0:00:09]} 9. f3 {[%emt 0:00:12]} h5 {[%emt 0:00:11]} 10. g5 {[%emt 0:01:21]} Nh7 {[%emt 0:00:07]} 11. h4 {[%emt 0:00:07]} f6 {[%emt 0:00:05]} 12. gxf6 {[%emt 0:00:36]} Bxf6 {[%emt 0:00:09]} 13. Bf2 {[%emt 0:00:18]} Be7 {[%emt 0:00:07]} 14. Kd2 {[%emt 0:00:13]} c6 {[%emt 0:00:48]} 15. Kc2 {[%emt 0:00:38]} cxd5 {[%emt 0:00:11]} 16. Qxd5+ {[%emt 0:00:05]} Be6 {[%emt 0:00:08]} 17. Qd2 {[%emt 0:00:13]} Rc8 {[%emt 0:00:52]} 18. Rd1 {[%emt 0:05:49]} b5 {[%emt 0:17:01]} 19. Bxc5 {[%emt 0:08:57]} Rxc5 {[%emt 0:00:56]} 20. cxb5 {[%emt 0:01:39]} Qd7 {[%emt 0:29:48]} 21. Kb1 {[%emt 0:03:34]} Kg7 {[%emt 0:02:45]} 22. Bf1 {[%emt 0:02:44]} Rf7 {[%emt 0:11:02]} 23. b4 {[%emt 0:09:42]} Rc8 {[%emt 0:01:55]} 24. Nd5 {[%emt 0:01:18]} Bd8 {[%emt 0:03:29]} 25. a4 {[%emt 0:06:47]} Nf8 {[%emt 0:02:51]} 26. Qd3 {[%emt 0:06:23]} Rb8 {[%emt 0:03:17]} 27. Ne2 {[%emt 0:12:05]} Bxd5 {[%emt 0:06:52]} 28. Qxd5 {[%emt 0:02:32]} Rxf3 {[%emt 0:02:16]} 29. Nc1 {[%emt 0:04:53]} Be7 {[%emt 0:03:51]} 30. Bc4 {[%emt 0:01:12]} Kh6 {[%emt 0:07:02]} 31. Rdf1 {[%emt 0:10:49]} Rf6 {[%emt 0:01:46]} 32. Nd3 {[%emt 0:07:31]} Qb7 {[%emt 0:03:30]} 33. Rxf6 {[%emt 0:02:44]} Qxd5 {[%emt 0:00:45]} 34. Rxg6+ {[%emt 0:01:06]} Nxg6 {[%emt 0:00:06]} 35. Bxd5 {[%emt 0:00:04]} Bxh4 {[%emt 0:01:16]} 36. Bc6 Be7 {[%emt 0:03:10]} 37. a5 {[%emt 0:09:41]} Bd8 {[%emt 0:01:02]} 38. b6 {[%emt 0:02:04]} a6 {[%emt 0:00:06]} 39. Nb2 {[%emt 0:01:59]} Ne7 {[%emt 0:00:41]} 40. Bd7 {[%emt 0:00:52]} Bxb6 {[%emt 0:00:41]} 41. axb6 {[%emt 0:30:40]} Rxb6 {[%emt 0:30:08]} 42. Nd3 {[%emt 0:00:00]} d5 {[%emt 0:00:00]} 43. Be8 {[%emt 0:00:00]} dxe4 {[%emt 0:00:00]} 44. Rxh5+ {[%emt 0:00:00]} Kg7 {[%emt 0:00:00]} 45. Rxe5 {[%emt 0:00:00]} Ng8 {[%emt 0:00:00]} 46. Rxe4 {[%emt 0:00:00]} Nf6 {[%emt 0:00:00]} 47. Re5 {[%emt 0:00:00]} Nxe8 {[%emt 0:00:00]} 48. Rxe8 {[%emt 0:00:00]} a5 {[%emt 0:00:00]} 49. Re4 {[%emt 0:00:00]} axb4 {[%emt 0:00:00]} 50. Nxb4 {[%emt 0:00:00]} Kg6 {[%emt 0:00:00]} 51. Kc2 {[%emt 0:00:00]} Kf5 {[%emt 0:00:00]} 52. Rc4 {[%emt 0:00:00]} Rd6 {[%emt 0:00:00]} 53. Nd3 {[%emt 0:00:00]} Rd8 {[%emt 0:00:00]} 54. Kd2 {[%emt 0:00:00]} Rd7 {[%emt 0:00:00]} 55. Rf4+ {[%emt 0:00:00]} Kg5 {[%emt 0:00:00]} 56. Re4 {[%emt 0:00:00]} Kf6 {[%emt 0:00:00]} 57. Rb4 {[%emt 0:00:00]} Kf5 {[%emt 0:00:00]} 58. Ke3 {[%emt 0:00:00]} Rd5 {[%emt 0:00:00]} 59. Rf4+ {[%emt 0:00:00]} Ke6 {[%emt 0:00:00]} 60. Rh4 {[%emt 0:00:00]} Kf6 {[%emt 0:00:00]} 61. Rh6+ {[%emt 0:00:00]} Kg5 {[%emt 0:00:00]} 62. Rh1 {[%emt 0:00:00]} Ra5 {[%emt 0:00:00]} 63. Rg1+ {[%emt 0:00:00]} Kf5 {[%emt 0:00:00]} 64. Rf1+ {[%emt 0:00:00]} Ke6 {[%emt 0:00:00]} 65. Nf4+ {[%emt 0:00:00]} Ke5 {[%emt 0:00:00]} 66. Nd3+ {[%emt 0:00:00]} Ke6 {[%emt 0:00:00]} 67. Rh1 {[%emt 0:00:00]} Kf6 {[%emt 0:00:00]} 68. Nf4 {[%emt 0:00:00]} Ra3+ {[%emt 0:00:00]} 69. Ke4 {[%emt 0:00:00]} Ra4+ {[%emt 0:00:00]} 70. Kf3 {[%emt 0:00:00]} Kg7 {[%emt 0:00:00]} 71. Kg4 {[%emt 0:00:00]} Rb4 {[%emt 0:00:00]} 72. Rd1 {[%emt 0:00:00]} Ra4 {[%emt 0:00:00]} 73. Rd5 {[%emt 0:00:00]} Kf6 {[%emt 0:01:42]} 74. Rb5 {[%emt 0:00:00]} Ke7 {[%emt 0:01:10]} 75. Rb6 {[%emt 0:00:25]} Kd7 {[%emt 0:00:31]} 76. Kf5 {[%emt 0:00:12]} Ra1 {[%emt 0:00:43]} 77. Nd3 {[%emt 0:00:31]} Rd1 {[%emt 0:01:16]} 78. Ke4 {[%emt 0:00:24]} Ke7 {[%emt 0:00:34]} 79. Rh6 {[%emt 0:01:16]} Rd2 {[%emt 0:00:32]} 80. Nc5 {[%emt 0:00:23]} Re2+ {[%emt 0:00:40]} 81. Kd5 {[%emt 0:00:16]} Rd2+ {[%emt 0:00:11]} 82. Ke5 {[%emt 0:00:03]} Re2+ {[%emt 0:00:29]} 83. Ne4 {[%emt 0:00:04]} Re1 {[%emt 0:02:41]} 84. Rh7+ {[%emt 0:00:05]} Kd8 {[%emt 0:00:25]} 85. Kd5 {[%emt 0:00:43]} Rd1+ {[%emt 0:00:22]} 86. Kc6 {[%emt 0:00:10]} Rc1+ {[%emt 0:00:34]} 87. Nc5 {[%emt 0:00:03]} Ke8 {[%emt 0:00:21]} 88. Ra7 {[%emt 0:01:15]} Rc2 {[%emt 0:00:54]} 89. Kd5 {[%emt 0:00:37]} Rd2+ {[%emt 0:00:15]} 90. Ke5 {[%emt 0:00:13]} Re2+ {[%emt 0:00:10]} 91. Ne4 {[%emt 0:00:06]} Re1 {[%emt 0:01:23]} 92. Kd5 {[%emt 0:01:11]} Kd8 {[%emt 0:01:01]} 93. Nf6 {[%emt 0:02:49]} Rd1+ {[%emt 0:01:01]} 94. Ke6 {[%emt 0:00:24]} Re1+ {[%emt 0:00:40]} 95. Kd6 {[%emt 0:00:04]} Rd1+ {[%emt 0:00:19]} 96. Nd5 {[%emt 0:00:07]} Ke8 {[%emt 0:00:07]} 97. Re7+ {[%emt 0:02:35]} Kf8 {[%emt 0:00:22]} 98. Rh7 {[%emt 0:00:13]} Ke8 {[%emt 0:00:46]} 99. Rh3 {[%emt 0:01:03]} Kf7 {[%emt 0:00:31]} 100. Rf3+ {[%emt 0:00:06]} Kg6 {[%emt 0:01:35]} 101. Ke6 {[%emt 0:00:16]} Re1+ {[%emt 0:00:22]} 102. Ne3 {[%emt 0:00:04]} 1/2-1/2

[Event "WYCC U18 Girls 2019"]
[Site "Mumbai"]
[Date "2019.10.11"]
[Round "10.9"]
[White "Hng, Mei-En Emmanuelle"]
[Black "Harshini A"]
[Result "1/2-1/2"]
[WhiteElo "2002"]
[BlackElo "2230"]
[Annotator "NA"]
[PlyCount "97"]
[EventDate "2019.10.02"]
[EventType "swiss"]
[EventCountry "IND"]
[SourceTitle "playchess.com"]
[Source "ChessBase"]
[SourceQuality "1"]
[TimeControl "40/5400+30:1800+30"]

1. Nf3 d5 2. c4 d4 3. d3 c5 4. g3 Nc6 5. Bg2 Nf6 6. O-O g6 7. e3 Bg7 8. exd4 cxd4 9. Re1 Nd7 10. a3 a5 11. Nbd2 a4 12. b4 axb3 13. Nxb3 O-O 14. Bd2 Re8 15. Ng5 h6 16. Ne4 Kh7 17. Qe2 Qc7 18. Bb4 Nf6 19. Bd6 Qb6 20. Nxf6+ Bxf6 21. Reb1 Bf5 22. Bc5 Qd8 23. Nd2 Qd7 24. Rb5 e5 25. Rab1 Rab8 26. Ne4 Be7 27. Bxe7 Qxe7 28. Qb2 Nd8 29. Qb4 Qxb4 30. R1xb4 Re7 31. g4 Bc8 32. Nf6+ Kg7 33. Nd5 Re8 34. Nc7 Re7 35. Nd5 Re8 36. h3 f5 37. Nc7 Re7 38. Nd5 Re8 39. Nc7 Re7 40. Nd5 Re8 41. Rc5 Ne6 42. Ra5 fxg4 43. hxg4 Nd8 44. Rc5 Ne6 45. Ra5 Nd8 46. Rc5 Ne6 47. Ra5 Ng5 48. Ra7 Ne6 49. Ra5 1/2-1/2

[Event "WYCC U18 Girls 2019"]
[Site "Mumbai"]
[Date "2019.10.11"]
[Round "10.10"]
[White "Radeva, Viktoria"]
[Black "Nestorovic, Katarina"]
[Result "1-0"]
[WhiteElo "2277"]
[BlackElo "2073"]
[Annotator "NA"]
[PlyCount "95"]
[EventDate "2019.10.02"]
[EventType "swiss"]
[EventCountry "IND"]
[SourceTitle "playchess.com"]
[Source "ChessBase"]
[SourceQuality "1"]
[TimeControl "40/5400+30:1800+30"]

1. e4 {[%emt 0:00:00]} c5 {[%emt 0:00:00]} 2. Nf3 {[%emt 0:00:00]} e6 {[%emt 0:00:00]} 3. d4 {[%emt 0:00:00]} cxd4 {[%emt 0:00:00]} 4. Nxd4 {[%emt 0:00:00]} Nf6 {[%emt 0:00:00]} 5. Nc3 {[%emt 0:00:00]} d6 {[%emt 0:00:00]} 6. Be2 {[%emt 0:00:04]} Be7 {[%emt 0:00:19]} 7. O-O {[%emt 0:00:10]} O-O {[%emt 0:00:43]} 8. f4 {[%emt 0:00:32]} a6 {[%emt 0:00:32]} 9. Be3 {[%emt 0:00:33]} e5 {[%emt 0:01:00]} 10. Nb3 {[%emt 0:09:17]} exf4 {[%emt 0:05:06]} 11. Bxf4 {[%emt 0:03:10]} Nc6 {[%emt 0:00:28]} 12. Qe1 {[%emt 0:05:24]} Re8 {[%emt 0:07:22]} 13. Qg3 {[%emt 0:05:20]} Bf8 {[%emt 0:14:35]} 14. Bg5 {[%emt 0:08:05]} Qb6+ {[%emt 0:01:20]} 15. Kh1 {[%emt 0:11:06]} Nxe4 {[%emt 0:07:40]} 16. Nxe4 {[%emt 0:00:06]} Rxe4 {[%emt 0:00:03]} 17. Qf3 {[%emt 0:03:38]} f5 {[%emt 0:05:56]} 18. Bc4+ {[%emt 0:04:15]} Be6 {[%emt 0:01:21]} 19. Bxe6+ {[%emt 0:03:01]} Rxe6 {[%emt 0:00:10]} 20. Qxf5 {[%emt 0:08:46]} Ree8 {[%emt 0:00:50]} 21. Rae1 {[%emt 0:04:56]} Ne5 {[%emt 0:06:31]} 22. Be3 {[%emt 0:06:09]} Qb4 {[%emt 0:03:46]} 23. Bd4 {[%emt 0:03:56]} g6 {[%emt 0:00:47]} 24. Qf4 {[%emt 0:02:28]} Qb5 {[%emt 0:02:38]} 25. c4 {[%emt 0:04:05]} Qc6 {[%emt 0:01:24]} 26. c5 {[%emt 0:06:52]} Bg7 {[%emt 0:02:45]} 27. cxd6 {[%emt 0:00:27]} Qxd6 {[%emt 0:03:48]} 28. Bc5 {[%emt 0:02:59]} Qd7 {[%emt 0:09:01]} 29. h3 {[%emt 0:02:43]} Kh8 {[%emt 0:00:31]} 30. Rd1 {[%emt 0:00:35]} Qb5 {[%emt 0:00:36]} 31. Qh4 {[%emt 0:02:03]} Rac8 {[%emt 0:03:05]} 32. Bd4 {[%emt 0:01:35]} a5 {[%emt 0:09:36]} 33. Bc3 {[%emt 0:00:33]} a4 {[%emt 0:02:10]} 34. Nd4 {[%emt 0:00:06]} Qc4 {[%emt 0:00:30]} 35. a3 {[%emt 0:00:56]} Rf8 {[%emt 0:02:58]} 36. Rxf8+ {[%emt 0:02:08]} Rxf8 {[%emt 0:00:06]} 37. Qg3 {[%emt 0:00:35]} Nd7 {[%emt 0:08:53]} 38. Kg1 {[%emt 0:01:05]} Nc5 {[%emt 0:00:49]} 39. Qc7 {[%emt 0:00:38]} b5 {[%emt 0:01:34]} 40. Nxb5 {[%emt 0:01:09]} Bxc3 {[%emt 0:00:34]} 41. Nxc3 {[%emt 0:30:16]} Kg8 {[%emt 0:02:42]} 42. Nd5 {[%emt 0:00:00]} Qe2 {[%emt 0:03:11]} 43. Ne7+ {[%emt 0:00:00]} Kh8 {[%emt 0:00:48]} 44. Rd8 {[%emt 0:00:00]} Qf2+ {[%emt 0:01:31]} 45. Kh2 {[%emt 0:00:00]} Ne6 {[%emt 0:02:25]} 46. Qe5+ {[%emt 0:00:00]} Ng7 {[%emt 0:00:15]} 47. Rd7 {[%emt 0:00:00]} Qf7 {[%emt 0:01:19]} 48. Qd4 {[%emt 0:00:00]} 1-0

[Event "WYCC U18 Girls 2019"]
[Site "Mumbai"]
[Date "2019.10.11"]
[Round "10.11"]
[White "Tarini Goyal"]
[Black "Onur, Cigdem"]
[Result "1/2-1/2"]
[WhiteElo "2128"]
[BlackElo "1913"]
[Annotator "NA"]
[PlyCount "79"]
[EventDate "2019.10.02"]
[EventType "swiss"]
[EventCountry "IND"]
[SourceTitle "playchess.com"]
[Source "ChessBase"]
[SourceQuality "1"]
[TimeControl "40/5400+30:1800+30"]

1. d4 {[%emt 0:00:00]} d5 {[%emt 0:00:00]} 2. c4 {[%emt 0:00:00]} e6 {[%emt 0:00:00]} 3. Nf3 {[%emt 0:00:57]} Nf6 {[%emt 0:00:00]} 4. Nc3 {[%emt 0:00:31]} Be7 {[%emt 0:00:27]} 5. g3 {[%emt 0:00:29]} O-O {[%emt 0:00:12]} 6. Bg2 {[%emt 0:00:09]} dxc4 {[%emt 0:00:18]} 7. Ne5 {[%emt 0:00:09]} Nc6 {[%emt 0:00:10]} 8. Bxc6 {[%emt 0:00:16]} bxc6 {[%emt 0:00:04]} 9. Nxc6 {[%emt 0:00:06]} Qe8 {[%emt 0:00:03]} 10. Nxe7+ {[%emt 0:00:08]} Qxe7 {[%emt 0:00:03]} 11. Qa4 {[%emt 0:00:12]} c5 {[%emt 0:00:06]} 12. dxc5 {[%emt 0:00:10]} Qxc5 {[%emt 0:00:04]} 13. Be3 {[%emt 0:00:10]} Qc7 {[%emt 0:00:07]} 14. O-O-O {[%emt 0:00:33]} Bb7 {[%emt 0:06:12]} 15. f3 {[%emt 0:02:09]} Nd5 {[%emt 0:03:42]} 16. Bd4 {[%emt 0:02:26]} Rfd8 {[%emt 0:22:53]} 17. e4 {[%emt 0:14:57]} Nxc3 {[%emt 0:15:32]} 18. Bxc3 {[%emt 0:01:47]} Qc5 {[%emt 0:01:36]} 19. Qa5 {[%emt 0:12:35]} Qxa5 {[%emt 0:23:40]} 20. Bxa5 {[%emt 0:00:09]} Rxd1+ {[%emt 0:04:42]} 21. Rxd1 {[%emt 0:00:09]} Bc6 {[%emt 0:00:41]} 22. Rd6 {[%emt 0:02:52]} Rc8 {[%emt 0:01:03]} 23. Bb4 {[%emt 0:18:00]} g5 {[%emt 0:15:07]} 24. Rd4 {[%emt 0:00:25]} Bb5 {[%emt 0:01:35]} 25. Kd2 {[%emt 0:01:10]} f6 {[%emt 0:01:31]} 26. Ke3 {[%emt 0:03:01]} Kf7 {[%emt 0:00:20]} 27. Rd6 {[%emt 0:00:11]} Rc7 {[%emt 0:02:37]} 28. f4 {[%emt 0:08:47]} Rd7 {[%emt 0:00:39]} 29. e5 {[%emt 0:15:28]} Rxd6 {[%emt 0:00:16]} 30. Bxd6 {[%emt 0:02:21]} gxf4+ {[%emt 0:00:46]} 31. gxf4 {[%emt 0:00:08]} f5 {[%emt 0:00:30]} 32. Kd4 {[%emt 0:06:56]} a6 {[%emt 0:00:06]} 33. Kc5 {[%emt 0:01:28]} Ke8 {[%emt 0:00:05]} 34. Bc7 {[%emt 0:00:19]} Kd7 {[%emt 0:00:58]} 35. Ba5 {[%emt 0:00:30]} Ke8 {[%emt 0:00:17]} 36. Kd6 {[%emt 0:00:55]} Kf7 {[%emt 0:00:04]} 37. Be1 {[%emt 0:01:58]} Ba4 {[%emt 0:00:29]} 38. Kc5 {[%emt 0:02:23]} Bb5 {[%emt 0:00:04]} 39. Kd6 {[%emt 0:01:31]} Ba4 {[%emt 0:00:09]} 40. Kc5 {[%emt 0:00:25]} 1/2-1/2

[Event "WYCC U18 Girls 2019"]
[Site "Mumbai"]
[Date "2019.10.11"]
[Round "10.12"]
[White "Aciu, Malina-Andreea"]
[Black "Jyothsna L"]
[Result "1/2-1/2"]
[WhiteElo "2076"]
[BlackElo "1995"]
[Annotator "NA"]
[PlyCount "60"]
[EventDate "2019.10.02"]
[EventType "swiss"]
[EventCountry "IND"]
[SourceTitle "playchess.com"]
[Source "ChessBase"]
[SourceQuality "1"]
[TimeControl "40/5400+30:1800+30"]

1. e4 d5 2. exd5 Qxd5 3. Nf3 Nf6 4. d4 g6 5. Be2 Bg7 6. O-O O-O 7. c4 Qd8 8. Nc3 Nbd7 9. h3 c6 10. Bf4 b6 11. Qd2 Bb7 12. Rfe1 e6 13. Rad1 Qe7 14. a3 Rfd8 15. Bf1 Qf8 16. Bc7 Rdc8 17. Bh2 Rd8 18. Qc2 a6 19. Ng5 c5 20. d5 exd5 21. cxd5 h6 22. Nge4 Ne8 23. Bc4 b5 24. Ba2 c4 25. Ne2 Ndf6 26. Nxf6+ Bxf6 27. Nf4 Qg7 28. b3 cxb3 29. Qxb3 Rac8 30. Rd3 Nd6 1/2-1/2

[Event "WYCC U18 Girls 2019"]
[Site "Mumbai"]
[Date "2019.10.11"]
[Round "10.13"]
[White "Azali, Tannaz"]
[Black "Hamedi Nia, Vesal"]
[Result "1/2-1/2"]
[WhiteElo "2022"]
[BlackElo "2057"]
[Annotator "NA"]
[PlyCount "129"]
[EventDate "2019.10.02"]
[EventType "swiss"]
[EventCountry "IND"]
[SourceTitle "playchess.com"]
[Source "ChessBase"]
[SourceQuality "1"]
[TimeControl "40/5400+30:1800+30"]

1. d4 {[%emt 0:00:00]} d5 {[%emt 0:00:00]} 2. c4 {[%emt 0:00:00]} e6 {[%emt 0:00:00]} 3. Nc3 {[%emt 0:00:11]} Nf6 {[%emt 0:00:04]} 4. Bg5 {[%emt 0:00:28]} Be7 {[%emt 0:01:24]} 5. e3 {[%emt 0:00:14]} O-O {[%emt 0:01:05]} 6. cxd5 {[%emt 0:00:25]} exd5 {[%emt 0:00:20]} 7. Bd3 {[%emt 0:00:11]} c6 {[%emt 0:00:30]} 8. Qc2 {[%emt 0:01:02]} Nbd7 {[%emt 0:00:16]} 9. Nge2 {[%emt 0:01:07]} Re8 {[%emt 0:03:07]} 10. O-O {[%emt 0:03:27]} Nf8 {[%emt 0:01:01]} 11. f3 {[%emt 0:05:36]} g6 {[%emt 0:02:05]} 12. h3 {[%emt 0:07:03]} Ne6 {[%emt 0:17:02]} 13. Bh4 {[%emt 0:02:31]} Nh5 {[%emt 0:03:41]} 14. Bf2 {[%emt 0:06:22]} Bh4 {[%emt 0:09:48]} 15. f4 {[%emt 0:10:05]} Bxf2+ {[%emt 0:15:52]} 16. Rxf2 {[%emt 0:00:01]} Neg7 {[%emt 0:04:14]} 17. e4 {[%emt 0:09:40]} dxe4 {[%emt 0:02:19]} 18. Nxe4 {[%emt 0:00:10]} Nf6 {[%emt 0:02:03]} 19. Ng5 {[%emt 0:03:22]} Nd5 {[%emt 0:00:47]} 20. Qd2 {[%emt 0:13:44]} Bf5 {[%emt 0:03:31]} 21. Bc4 {[%emt 0:04:29]} Ne6 {[%emt 0:10:06]} 22. Ng3 {[%emt 0:12:20]} Ng7 {[%emt 0:15:44]} 23. Rc1 {[%emt 0:05:10]} Qd6 {[%emt 0:01:55]} 24. Bxd5 {[%emt 0:03:50]} Qxd5 {[%emt 0:00:41]} 25. Rc5 {[%emt 0:00:07]} Qd6 {[%emt 0:01:36]} 26. Nf3 {[%emt 0:01:40]} Rad8 {[%emt 0:00:36]} 27. Re5 {[%emt 0:00:25]} f6 {[%emt 0:00:56]} 28. Ree2 {[%emt 0:02:18]} Qd5 {[%emt 0:00:55]} 29. Qb4 {[%emt 0:01:10]} b6 {[%emt 0:01:21]} 30. Qa3 {[%emt 0:02:58]} Qd7 {[%emt 0:00:40]} 31. Rd2 {[%emt 0:00:16]} Qe7 {[%emt 0:00:43]} 32. Qc3 {[%emt 0:01:27]} Qd6 {[%emt 0:00:31]} 33. Nxf5 {[%emt 0:01:58]} Nxf5 {[%emt 0:00:08]} 34. Rc2 {[%emt 0:01:05]} Ne3 {[%emt 0:01:18]} 35. Rc1 {[%emt 0:00:39]} Rc8 {[%emt 0:00:24]} 36. Nd2 {[%emt 0:00:44]} Nd5 {[%emt 0:00:07]} 37. Qg3 {[%emt 0:00:34]} f5 {[%emt 0:00:58]} 38. Nc4 {[%emt 0:00:21]} Qb4 {[%emt 0:00:15]} 39. a3 {[%emt 0:00:54]} Qe7 {[%emt 0:00:46]} 40. Ne5 {[%emt 0:00:12]} Qd6 {[%emt 0:00:23]} 41. Rfc2 {[%emt 0:04:06]} c5 {[%emt 0:19:30]} 42. b4 {[%emt 0:01:10]} c4 {[%emt 0:04:18]} 43. Rxc4 {[%emt 0:01:15]} Rxc4 {[%emt 0:00:06]} 44. Rxc4 {[%emt 0:01:00]} Nc7 {[%emt 0:07:27]} 45. Qf2 {[%emt 0:16:20]} Ne6 {[%emt 0:00:40]} 46. a4 {[%emt 0:02:46]} a6 {[%emt 0:00:14]} 47. b5 {[%emt 0:03:01]} axb5 {[%emt 0:00:02]} 48. axb5 {[%emt 0:00:05]} Qd5 {[%emt 0:00:10]} 49. Qf3 {[%emt 0:01:37]} Qxf3 {[%emt 0:01:15]} 50. Nxf3 {[%emt 0:00:02]} Nxf4 {[%emt 0:00:11]} 51. Rc6 {[%emt 0:01:38]} Rb8 {[%emt 0:01:06]} 52. Kf2 {[%emt 0:00:54]} Nd5 {[%emt 0:00:45]} 53. Ne5 {[%emt 0:01:09]} Rb7 {[%emt 0:00:54]} 54. g4 {[%emt 0:01:38]} fxg4 {[%emt 0:00:24]} 55. hxg4 {[%emt 0:00:15]} Kf8 {[%emt 0:00:36]} 56. Kf3 {[%emt 0:00:39]} Ke7 {[%emt 0:00:20]} 57. Ke4 {[%emt 0:01:19]} Nc7 {[%emt 0:00:37]} 58. Nc4 {[%emt 0:00:41]} Nxb5 {[%emt 0:00:11]} 59. Nxb6 {[%emt 0:00:45]} Na7 {[%emt 0:00:56]} 60. Nd5+ {[%emt 0:00:22]} Kf7 {[%emt 0:00:26]} 61. Rf6+ {[%emt 0:00:33]} Kg7 {[%emt 0:00:01]} 62. Rb6 {[%emt 0:00:16]} Rxb6 {[%emt 0:00:51]} 63. Nxb6 {[%emt 0:00:01]} Kf6 {[%emt 0:00:34]} 64. Kf4 {[%emt 0:00:33]} h5 {[%emt 0:00:37]} 65. Ke4 {Ke5+} 1/2-1/2

[Event "WYCC U18 Girls 2019"]
[Site "Mumbai"]
[Date "2019.10.11"]
[Round "10.14"]
[White "Sanskriti Goyal"]
[Black "Khachatryan, Anna"]
[Result "1/2-1/2"]
[WhiteElo "1980"]
[BlackElo "2044"]
[Annotator "NA"]
[PlyCount "117"]
[EventDate "2019.10.02"]
[EventType "swiss"]
[EventCountry "IND"]
[SourceTitle "playchess.com"]
[Source "ChessBase"]
[SourceQuality "1"]
[TimeControl "40/5400+30:1800+30"]

1. d4 Nf6 2. c4 e6 3. Nc3 Bb4 4. e3 O-O 5. Nge2 d5 6. a3 Be7 7. cxd5 exd5 8. Nf4 c6 9. Bd3 Nbd7 10. O-O Re8 11. f3 Nf8 12. Bc2 Ne6 13. e4 Nxf4 14. Bxf4 Be6 15. e5 Nd7 16. Be3 Nf8 17. f4 f5 18. g4 Qd7 19. Ne2 Ng6 20. gxf5 Bxf5 21. Bxf5 Qxf5 22. Ng3 Qh3 23. f5 Nh4 24. Rf2 g6 25. Qf1 Qxf1+ 26. Raxf1 Nxf5 27. Nxf5 gxf5 28. Rxf5 Rf8 29. Bg5 Rxf5 30. Rxf5 Rf8 31. Rxf8+ Bxf8 32. Kf2 Kf7 33. Ke3 c5 34. Kd3 Ke6 35. Bd2 b6 36. b4 Be7 37. bxc5 bxc5 38. a4 cxd4 39. Kxd4 Ba3 40. Be3 a6 41. h3 Bb2+ 42. Kc5 Kxe5 43. Kb6 d4 44. Bh6 Ke4 45. Kxa6 d3 46. Kb5 Bc3 47. h4 Bd4 48. a5 Be3 49. a6 d2 50. a7 Bxa7 51. Bxd2 h5 52. Kc4 Bf2 53. Bg5 Be1 54. Bd8 Bg3 55. Bg5 Be5 56. Bd8 Kf3 57. Kd3 Bf4 58. Be7 Kg4 59. Ke4 1/2-1/2